LEADER 01074nam0 2200265 450 001 000011227 005 20180531111700.0 100 $a20080514d1927----km-y0itay50------ba 101 0 $aeng$aita 102 $aIT 105 $aaf------001yy 200 1 $aEnglish technical dialogues being practical exercises in the terminology of maritime and mechanic industries$ewith Italian notes$fRaffaele Gambaro 205 $a5th ed. revised and enlarged$bwith the addition of a New dialogue on oil engines 210 $aGenoa$cDeaf Of Dumb Institute Printing Office$d1927 215 $aVIII, 297 p., [1] c. di tav.$critr.$d20 cm 300 $aAltro frontespizio in italiano 516 1 $aDialoghi tecnici inglesi 610 1 $aLingua inglese$aGrammatica 676 $a603$v19 700 1$aGambaro,$bRaffaele$0137745 801 0$aIT$bUNIPARTHENOPE$c20080514$gRICA$2UNIMARC 912 $a000011227 951 $a603/100$b3662$cPIST 996 $aEnglish technical dialogues being practical exercises in the terminology of maritime and mechanic industries$91204199 997 $aUNIPARTHENOPE LEADER 01462nam0 22003731i 450 001 UON00160002 005 20231205103003.366 010 $a08-566-8262-4 100 $a20020521d1990 |0itac50 ba 101 $aeng 102 $aGB 105 $a|||| ||||| 200 1 $aPeace$f[Aristophanes]$gedited with translation and notes by Alan H. Sommerstein 210 $aWarminster$cAris & Phillips$d1990 215 $a196 p.$d22 cm 312 $ain greco e in inglese$9UON00370131 312 $ain greco e in inglese$9UON00370132 410 1$1001UON00160289$12001 $aˆThe ‰comedies of Aristophanes$v5 510 0$3UON00370131$aPax 510 0$3UON00370132$aEirene 606 $aCOMMEDIA GRECA$3UONC033510$2FI 606 $aTEATRO GRECO$xTraduzioni inglesi$3UONC032986$2FI 620 $dWarminster$3UONL000499 676 $a882$cLetteratura drammatica greca classica$v21 700 0$aAristophanes$3UONV056467$0602827 702 1$aSOMMERSTEIN$bAlan H.$3UONV057664 712 $aAris & Phillips$3UONV256733$4650 790 0$aARISTOFANE$zAristophanes$3UONV056470 801 $aIT$bSOL$c20260313$gRICA 899 $aSIBA - SISTEMA BIBLIOTECARIO DI ATENEO E ARCHIVIO STORICO$2UONSI 912 $aUON00160002 950 $aSIBA - SISTEMA BIBLIOTECARIO DI ATENEO E ARCHIVIO STORICO$dSI T 1 ARISTOPH 0952 05 $eSI MC 26026 5 05 996 $aPeace$94549614 997 $aUNIOR